Varietal performance of promising rice and upland crops in IRRI and Philippine cropping systems research sites 1978-79

Zapisane w:
Opis bibliograficzny
1. autor: IRRI
Format: Książka
Język:Undetermined
Wydane: Philippines IRRI
Hasła przedmiotowe:
Etykiety: Dodaj etykietę
Nie ma etykietki, Dołącz pierwszą etykiete!
Thư viện lưu trữ: Trung tâm Học liệu Trường Đại học Cần Thơ
LEADER 00524nam a2200169Ia 4500
001 CTU_38628
008 210402s9999 xx 000 0 und d
082 |a 633.18 
082 |b I71/V 
100 |a IRRI 
245 0 |a Varietal performance of promising rice and upland crops in IRRI and Philippine cropping systems research sites 1978-79 
245 0 |c IRRI 
260 |a Philippines 
260 |b IRRI 
650 |a cropping systems,rice 
904 |i Liên, 990602 
980 |a Trung tâm Học liệu Trường Đại học Cần Thơ